00546nai a2200157Ia 4500003000900000008004100009022002300050022002200073040001600095245004900111260003400160310001400194362002600208521006900234856008500303IN-BaIIA211028c9999 xx s 000 0 eng d a2052-5206 (Online) a2052-5206 (Print) cIIA Library 0aActa Crystallographica Section Bh[eJournal] aNew JerseybJohn Wiley & Sons aBimonthly a53(1); 1997 - Present bSubscribed through National Knowledge Resource Consortium (NKRC) uhttps://onlinelibrary.wiley.com/journal/s20525206yClick Here to Access eJournal